00466nam a2200157Ia 45000010006000000050017000060080041000230410008000640820027000721100028000992450128001272600009002553000028002646500008002926540008003001188820260306162901.0260306t2024||||xx |||||||||||||| ||spa|| aESP aHR 200bN° 17 2024 SC aDiócesis de Córdoba 0aStudia Cordubensia :brevista de teología y ciencias religiosas de los centros académicos de la Diócesis de Córdoba c2024 a455 páginas :c24 cm. aGEN aCHU